000 01167naa a2200313 c 4500
001 43209
003 ES-MaCES
005 20150925133437.0
008 120830n2012 sp t 000 | spa d
035 _aCES20120008198v
040 _aES-MaCES
_bspa
_cES-MaCES
100 1 _aContín-Pilart, Ignacio
_99911
245 1 3 _aEl emprendimiento en España
_b: evolución y posicionamiento en el contexto internacional
_cIgnacio Contín-Pilart, Martín Larraza-Kintana, J. Javier Sanchez-Asín
500 _aResumen en español e inglés
504 _aBibliografía: p. 287-288
650 4 _aEspaña
_926964
650 4 _acompetitividad
_928270
650 4 _aindustria de alta tecnología
_930473
650 4 _acrecimiento económico
_927094
650 4 _acreación de empresa
_930016
653 1 0 _aEmpresa
650 4 _928178
_aempresa
700 1 _aSanchez Asín, Javier
_923197
700 1 _aLarraza Kintana, Martín
_916231
773 0 _tPapeles de economía española
_gn. 132 (2012){10187 R. 081752}; p. 276-288
_w(ES-MaCES)25203
_941754
902 _aART Artículo de revista
942 _2CES
_cAR
_h0.0.
999 _c43209
_d43209